| 000 | 00360nam a22001217a 4500 | ||
|---|---|---|---|
| 082 | _a200 THE | ||
| 100 |
_aFATEH-UR-REHMAN _969820 |
||
| 245 | _aTH-SOF-1596-APPLICATION OF DATA DUPLICATE DETECTION AND | ||
| 260 |
_aIslamabad _bNUST College of EME _c2018 |
||
| 650 |
_a MS-CSE-16 MSTHESIS _969361 |
||
| 700 |
_a Advisor DR. MUHAMMAD ABBAS _969821 |
||
| 942 | _cCF | ||
| 999 |
_c576932 _d576932 |
||